000 00450nam a2200169Ia 4500
003 GCL
008 140319s9999 xx 000 0 eng d
040 _aGCL /
_cGCL
082 0 4 _a843
_bD N
100 1 _aDIDEROT, DENIS
245 1 0 _aLE NEVEU DE RAMEAU: ET AUTRES DIALOGUES PHLOSOPHIQUES /
_cDIDEROT, DENIS
260 _a[S.N] :
_bGALLIMARD ،
_c1972
300 _a438 P
650 0 4 _aLITERATURE
650 0 4 _aFRENCH LITERATURE
942 _2ddc
_cBK
999 _c22130
_d22130